[Event "BL 8687 HSG-Kreuzberg"]
[Site "?"]
[Date "1986.??.??"]
[Round "?.1"]
[White "King, D."]
[Black "Heyken, E."]
[Result "0-1"]
[WhiteElo "2460"]
[BlackElo "2355"]
[PlyCount "70"]
[EventDate "1986.??.??"]

1. d4 Nf6 2. Nf3 d5 3. c4 e6 4. Nc3 Nbd7 5. Bg5 Bb4 6. e3 c5 7. cxd5 exd5 8.
Qc2 Qa5 9. Bd3 c4 10. Bf5 O-O 11. O-O Re8 12. Nd2 g6 13. Bh3 Bxc3 14. Qxc3 Qxc3
15. bxc3 Ne4 16. Nxe4 dxe4 17. Rfb1 Nb6 18. Bxc8 Raxc8 19. a4 Rc7 20. Kf1 Nd5
21. Ra3 a6 22. a5 f6 23. Bh4 g5 24. Bg3 Rf7 25. h4 h6 26. Ke2 f5 27. hxg5 hxg5
28. Bd6 f4 29. Rc1 f3+ 30. gxf3 exf3+ 31. Kd1 Nf6 32. Rc2 Ne4 33. Be5 Rh7 34.
Kc1 Rh1+ 35. Kb2 Rf1 0-1

[Event "BL 8687 HSG-Kreuzberg"]
[Site "?"]
[Date "1986.??.??"]
[Round "?.2"]
[White "Rostalski, W."]
[Black "Conquest, S."]
[Result "0-1"]
[WhiteElo "2265"]
[BlackElo "2430"]
[PlyCount "170"]
[EventDate "1986.??.??"]

1. d4 d5 2. c4 e6 3. Nf3 Nf6 4. Nc3 c6 5. cxd5 exd5 6. Bg5 h6 7. Bh4 Bf5 8. e3
Be7 9. Bxf6 Bxf6 10. Bd3 Bxd3 11. Qxd3 O-O 12. O-O Nd7 13. Rac1 Nb6 14. Qc2 Re8
15. Na4 Nc4 16. b3 Nd6 17. Nc5 Rc8 18. Nd3 Qd7 19. Nf4 Ne4 20. Nd2 Be7 21. Nxe4
dxe4 22. Rcd1 Bd6 23. Qe2 Bxf4 24. exf4 Rcd8 25. Qc4 Kh7 26. Rfe1 f5 27. g3 b6
28. Rd2 Qd5 29. Red1 Re6 30. Qa6 Qd7 31. d5 Rd6 32. dxc6 Rxd2 33. cxd7 Rxd1+
34. Kg2 R8xd7 35. Qb5 R7d5 36. Qe8 Rc5 37. Qe6 Rd8 38. h4 Rcd5 39. h5 R8d6 40.
Qc8 a5 41. Qe8 b5 42. g4 Rd8 43. Qg6+ Kg8 44. g5 hxg5 45. fxg5 R8d6 46. Qe8+
Kh7 47. Qf7 Re5 48. h6 Rg6 49. hxg7 Rxg5+ 50. Kf1 Rxg7 51. Qf8 Rd7 52. Ke2 Kg6
53. Ke3 Rd3+ 54. Ke2 Red5 55. Qe7 Rd7 56. Qe6+ Kg5 57. Qe5 Kg4 58. Kf1 b4 59.
Kg2 R7d6 60. Qg7+ Kf4 61. Kf1 Rh3 62. Ke2 Rc6 63. Qd7 Rc2+ 64. Kf1 Rd3 65. Qg7
Rc6 66. Qe7 Rcd6 67. Qg7 e3 68. Qg3+ Ke4 69. Qh4+ Kd5 70. Qc4+ Ke5 71. fxe3 Rd2
72. Qf4+ Ke6 73. Qc4+ Kf6 74. Qh4+ Kg6 75. Qg3+ Kf7 76. Qe5 R6d5 77. Qc7+ Kf6
78. Qb8 Rd6 79. Qh8+ Kg5 80. Qe5 Rc6 81. Qg7+ Kh4 82. Qh8+ Kg4 83. Qg8+ Kf3 84.
Ke1 Rcd6 85. Qa8+ R6d5 0-1

[Event "BL 8687 HSG-Kreuzberg"]
[Site "?"]
[Date "1986.??.??"]
[Round "?.3"]
[White "Lehmann, K."]
[Black "Breyther, R."]
[Result "1/2-1/2"]
[WhiteElo "2270"]
[BlackElo "2335"]
[PlyCount "75"]
[EventDate "1986.??.??"]

1. e4 c5 2. Nf3 e6 3. c3 Nf6 4. e5 Nd5 5. d4 cxd4 6. cxd4 d6 7. a3 Nd7 8. Bc4
N7b6 9. Ba2 Bd7 10. O-O Bb5 11. Re1 Be7 12. Bd2 dxe5 13. Nxe5 O-O 14. Ba5 Bf6
15. Nc3 Bc6 16. Qg4 Bxe5 17. Rxe5 Nf6 18. Qf4 Qb8 19. Bxb6 axb6 20. Qg3 Rd8 21.
Rd1 Ra5 22. Re3 Qxg3 23. hxg3 Rg5 24. Bb1 Rg4 25. Red3 h5 26. Ba2 Rg5 27. f3
Kf8 28. Kf2 Ke7 29. Re3 Rf5 30. Ke2 Bd5 31. Bxd5 Nxd5 32. Nxd5+ Rfxd5 33. Rb3
R8d6 34. Rdd3 Kd7 35. f4 Rc6 36. Ke3 Kc7 37. Rb4 g6 38. Rdb3 1/2-1/2

[Event "BL 8687 HSG-Kreuzberg"]
[Site "?"]
[Date "1986.??.??"]
[Round "?.4"]
[White "Dankert, P."]
[Black "Grzesik, F."]
[Result "1/2-1/2"]
[WhiteElo "2285"]
[BlackElo "2250"]
[PlyCount "115"]
[EventDate "1986.??.??"]

1. d4 d5 2. c4 e6 3. Nc3 Be7 4. Nf3 Nf6 5. Bg5 h6 6. Bxf6 Bxf6 7. e3 O-O 8. Qd2
Nc6 9. cxd5 exd5 10. Bd3 Ne7 11. O-O Nf5 12. b4 c6 13. Rab1 a6 14. Rfc1 Re8 15.
a4 Nd6 16. Qc2 Bd7 17. b5 axb5 18. axb5 Qa5 19. bxc6 bxc6 20. Nd2 Reb8 21. Nb3
Qd8 22. Nc5 Be8 23. Rxb8 Rxb8 24. Rb1 Rxb1+ 25. Nxb1 Qa5 26. Qc3 Qxc3 27. Nxc3
Bd8 28. Nb3 Kf8 29. Kf1 Bd7 30. Nc5 Ke7 31. Na6 Ba5 32. Na4 Bf5 33. Bxf5 Nxf5
34. N4c5 Bb6 35. Nb3 Kd7 36. Ke2 Nd6 37. Nac5+ Bxc5 38. Nxc5+ Kc7 39. f3 Nb7
40. Nd3 Kd6 41. e4 f6 42. Nf4 Nd8 43. exd5 cxd5 44. Kd3 g5 45. Nh5 Ke7 46. Ng7
Nf7 47. Nf5+ Ke6 48. Ne3 h5 49. Nf1 Nd6 50. Ne3 Nf5 51. Nf1 Nh4 52. g4 Nxf3 53.
gxh5 f5 54. h6 Kf6 55. h7 Kg7 56. Ne3 f4 57. Nxd5 Kxh7 58. Nxf4 1/2-1/2

[Event "BL 8687 HSG-Kreuzberg"]
[Site "?"]
[Date "1986.??.??"]
[Round "?.5"]
[White "Grzesik, T."]
[Black "Kunsztowicz, U."]
[Result "1/2-1/2"]
[WhiteElo "2335"]
[BlackElo "2325"]
[PlyCount "21"]
[EventDate "1986.??.??"]

1. e4 c5 2. Nf3 d6 3. d3 g6 4. g3 Nf6 5. Bg2 Bg7 6. O-O O-O 7. c3 Nc6 8. Nbd2
Bg4 9. h3 Bd7 10. a4 a6 11. Re1 1/2-1/2

[Event "BL 8687 HSG-Kreuzberg"]
[Site "?"]
[Date "1986.??.??"]
[Round "?.7"]
[White "Glienke, M."]
[Black "Muender, M."]
[Result "1/2-1/2"]
[WhiteElo "2300"]
[BlackElo "2280"]
[PlyCount "44"]
[EventDate "1986.??.??"]

1. Nf3 c5 2. e4 Nc6 3. d4 cxd4 4. c3 d5 5. exd5 Qxd5 6. cxd4 Bg4 7. Be2 e6 8.
Nc3 Qa5 9. O-O Nf6 10. h3 Bh5 11. Be3 Be7 12. a3 O-O 13. b4 Qd8 14. Qb3 Rc8 15.
Rfd1 Nd5 16. Ne4 Qc7 17. Rac1 Qb8 18. Nc5 Rfd8 19. Rc2 Bf6 20. Ne4 Be7 21. Nc5
Bf6 22. Ne4 Be7 1/2-1/2

[Event "BL 8687 Koblenz-Regensburg"]
[Site "?"]
[Date "1986.??.??"]
[Round "?.2"]
[White "Wolf, V."]
[Black "Mandl, Ro"]
[Result "1-0"]
[WhiteElo "2315"]
[BlackElo "2285"]
[PlyCount "95"]
[EventDate "1986.??.??"]

1. e4 c5 2. Nf3 d6 3. d4 cxd4 4. Nxd4 Nf6 5. Nc3 g6 6. Be2 Bg7 7. O-O Nc6 8.
Nb3 O-O 9. Bg5 a6 10. f4 b5 11. Bf3 Bb7 12. Kh1 b4 13. Nd5 Nxd5 14. exd5 Na5
15. Bxe7 Qxe7 16. Nxa5 Bxb2 17. Rb1 Bc3 18. Nc6 Bxc6 19. dxc6 Ra7 20. Qd5 Qf6
21. g3 a5 22. Rbd1 Rd8 23. Bg4 a4 24. Rf2 Kg7 25. Bd7 Rb8 26. Re2 Bb2 27. Qxd6
Qxd6 28. Rxd6 Bf6 29. Rd3 h5 30. Kg2 Rc7 31. Kf3 Rb5 32. Re4 a3 33. Rc4 Bc3 34.
Rd1 Kf6 35. h3 Ke7 36. g4 hxg4+ 37. hxg4 Kf6 38. g5+ Kg7 39. Kg4 f6 40. Be8 Kf8
41. Bxg6 fxg5 42. fxg5 Be5 43. Rd7 Rb8 44. Bf5 Rbc8 45. Rd5 Re8 46. Bd7 Re7 47.
Rxb4 Kg7 48. Re4 1-0

[Event "BL 8687 Koblenz-Regensburg"]
[Site "?"]
[Date "1986.??.??"]
[Round "?.3"]
[White "Speckner, R."]
[Black "Andruet, G."]
[Result "1/2-1/2"]
[WhiteElo "2205"]
[BlackElo "2365"]
[PlyCount "101"]
[EventDate "1986.??.??"]

1. e4 Nf6 2. e5 Nd5 3. d4 d6 4. Nf3 Bg4 5. Be2 c6 6. c4 Nb6 7. Ng5 Bf5 8. g4
Bxb1 9. Rxb1 dxe5 10. dxe5 Qxd1+ 11. Kxd1 e6 12. Be3 N8d7 13. f4 Bc5 14. Bd2
Be7 15. Ne4 Nc5 16. Nc3 O-O-O 17. Kc2 Nba4 18. Nxa4 Nxa4 19. Be3 Bc5 20. Bxc5
Nxc5 21. Rbd1 h6 22. b4 Nd7 23. h4 g5 24. hxg5 hxg5 25. fxg5 Rhg8 26. Rh5 Rg7
27. Kc3 Rdg8 28. g6 Rxg6 29. Rf1 R8g7 30. a4 a6 31. a5 Kd8 32. Rh8+ Ke7 33. Ra8
Rg5 34. Ra7 Rxe5 35. Rxb7 Rxe2 36. Rd1 Re3+ 37. Kc2 Rxg4 38. Rbxd7+ Kf6 39. b5
Rxc4+ 40. Kd2 Ra3 41. b6 Rb4 42. Rf1+ Ke5 43. Re1+ Kf6 44. Rf1+ Kg6 45. Rg1+
Kh6 46. Rxf7 Rxa5 47. Rf6+ Kh7 48. Rf7+ Kh8 49. b7 Rab5 50. Rf8+ Kh7 51. Rf7+
1/2-1/2

[Event "BL 8687 Koblenz-Regensburg"]
[Site "?"]
[Date "1986.??.??"]
[Round "?.6"]
[White "Weidemann, J."]
[Black "Meister, P."]
[Result "1/2-1/2"]
[WhiteElo "2265"]
[BlackElo "2355"]
[PlyCount "102"]
[EventDate "1986.??.??"]

1. e4 c5 2. b3 Nc6 3. Bb2 e6 4. Bb5 Nf6 5. e5 Nd5 6. Nf3 Be7 7. O-O O-O 8. Bxc6
bxc6 9. d3 f6 10. Nbd2 fxe5 11. Nxe5 Bf6 12. c4 Nf4 13. g3 Ng6 14. Nxg6 hxg6
15. Qc2 d6 16. f4 g5 17. Bxf6 Qxf6 18. fxg5 Qxg5 19. Ne4 Rxf1+ 20. Rxf1 Qe7 21.
Qd2 e5 22. Qg5 Qxg5 23. Nxg5 Bg4 24. Rf7 Be2 25. Rd7 Bxd3 26. Rxd6 Bb1 27. Rd2
a5 28. Kf2 a4 29. Ne6 a3 30. Nxc5 Rf8+ 31. Kg2 e4 32. Re2 e3 33. Na4 Be4+ 34.
Kh3 Rf2 35. Rxe3 Bg2+ 36. Kg4 Rxa2 37. Re1 Rc2 38. Ra1 a2 39. h4 Be4 40. Kf4
Bg6 41. Ke5 Rg2 42. b4 Bf7 43. Kd4 Rxg3 44. Nb2 Rg2 45. Rxa2 Rc2 46. Ra8+ Kh7
47. Rf8 Bg8 48. Nd3 Rxc4+ 49. Ke5 Rxh4 50. Rc8 Bc4 51. Nf4 Rh6 1/2-1/2

[Event "BL 8687 Heidelberg-Bamberg"]
[Site "?"]
[Date "1986.??.??"]
[Round "?.1"]
[White "Seppeur, R."]
[Black "Steinbacher, M."]
[Result "1-0"]
[WhiteElo "2295"]
[BlackElo "2280"]
[PlyCount "77"]
[EventDate "1986.??.??"]

1. e4 e6 2. d4 d5 3. Nd2 c5 4. Ngf3 Nf6 5. exd5 Nxd5 6. Nb3 cxd4 7. Nbxd4 Be7
8. Be2 O-O 9. O-O Bf6 10. c4 Ne7 11. Be3 a6 12. Qb3 e5 13. Nc2 Nf5 14. Bb6 Qe7
15. Bd3 Nc6 16. Rfe1 Be6 17. Bxf5 Bxf5 18. Ne3 Qe6 19. Nd5 Rac8 20. Nd2 Bg5 21.
Ne4 Bxe4 22. Rxe4 f5 23. Re2 Qf7 24. f3 Rfe8 25. Rae1 Bh4 26. Rd1 Kh8 27. Qd3
Qg6 28. b3 e4 29. fxe4 Nb4 30. Qd4 Nxd5 31. cxd5 fxe4 32. d6 Bd8 33. Bc5 Re6
34. Rde1 Bf6 35. Qd5 Re5 36. Rxe4 Rxe4 37. Qxe4 Qxe4 38. Rxe4 Kg8 39. Bb4 1-0

[Event "BL 8687 Heidelberg-Bamberg"]
[Site "?"]
[Date "1986.??.??"]
[Round "?.4"]
[White "Neunhoeffer, H."]
[Black "Ruehrig, V."]
[Result "1/2-1/2"]
[WhiteElo "2235"]
[BlackElo "2335"]
[PlyCount "101"]
[EventDate "1986.??.??"]

1. d4 Nf6 2. c4 g6 3. Nc3 d5 4. Nf3 Bg7 5. Qb3 dxc4 6. Qxc4 O-O 7. e4 Bg4 8.
Be3 Nc6 9. d5 Bxf3 10. dxc6 b5 11. Nxb5 Bxe4 12. Rd1 Bd5 13. Qc5 e6 14. Nc3 Qb8
15. b3 Rd8 16. f3 Rd6 17. Bb5 Bf8 18. O-O Rxc6 19. Qxc6 Bxc6 20. Bxc6 Qb4 21.
Bxa8 Qxc3 22. Bf2 Bd6 23. Be4 Nxe4 24. fxe4 Qe5 25. Bg3 Qxe4 26. Bxd6 Qe3+ 27.
Kh1 cxd6 28. Rxd6 Qe2 29. Kg1 Qb5 30. Rf2 Kg7 31. h3 g5 32. Rc2 Qb7 33. Kh1 Qe4
34. Rcd2 h5 35. R6d4 Qe1+ 36. Kh2 e5 37. Rd7 e4 38. Rc2 g4 39. hxg4 hxg4 40.
Rcc7 Qh4+ 41. Kg1 Qe1+ 42. Kh2 Qh4+ 43. Kg1 g3 44. Rxf7+ Kg6 45. Rh7 Qd8 46.
Rcg7+ Kf5 47. Rxg3 Qd4+ 48. Kh2 Qd8 49. Rf7+ Ke6 50. Rf1 Qd2 51. Rg6+ 1/2-1/2

[Event "BL 8687 Heidelberg-Bamberg"]
[Site "?"]
[Date "1986.??.??"]
[Round "?.7"]
[White "Jahr, U."]
[Black "Zuse, P."]
[Result "1-0"]
[WhiteElo "2240"]
[BlackElo "2335"]
[PlyCount "67"]
[EventDate "1986.??.??"]

1. e4 c5 2. Nf3 d6 3. d4 cxd4 4. Nxd4 Nf6 5. Nc3 a6 6. Bc4 e6 7. Bb3 b5 8. O-O
Be7 9. f4 O-O 10. e5 dxe5 11. fxe5 Nfd7 12. Be3 Nxe5 13. Qh5 Ng6 14. Rf3 Nd7
15. Ne4 Nf6 16. Nxf6+ Bxf6 17. Rh3 h6 18. Nxe6 Bxe6 19. Bxe6 fxe6 20. Qxg6 Qe8
21. Qg4 Kh7 22. c3 e5 23. Rg3 Rd8 24. Rf1 Qd7 25. Qg6+ Kh8 26. Bc5 Rf7 27. Be3
Rff8 28. Bc5 Rf7 29. h3 Qe6 30. Be3 e4 31. Bxh6 Re7 32. Rg5 Rd6 33. Rh5 Rd5 34.
Bxg7+ 1-0

[Event "BL 8687 Regensburg-Heidelberg"]
[Site "?"]
[Date "1986.??.??"]
[Round "?.3"]
[White "Mack, P."]
[Black "Speckner, R."]
[Result "1-0"]
[WhiteElo "2280"]
[BlackElo "2205"]
[PlyCount "87"]
[EventDate "1986.??.??"]

1. Nf3 Nf6 2. g3 g6 3. Bg2 Bg7 4. O-O O-O 5. c4 c5 6. d4 d6 7. Nc3 Nc6 8. d5
Na5 9. Nd2 a6 10. Qc2 Rb8 11. b3 b5 12. Bb2 e5 13. Nd1 Ng4 14. h3 Nh6 15. e4 f5
16. Bc3 fxe4 17. g4 Nf7 18. Nxe4 bxc4 19. Qd2 Rb5 20. Nb2 Bh6 21. f4 Bg7 22. f5
gxf5 23. gxf5 Bh6 24. Qe1 cxb3 25. a4 Rb4 26. Bxb4 cxb4 27. Qxb4 Kh8 28. Rf3
Rg8 29. Raf1 Qh4 30. Nd3 b2 31. Nxd6 Qxb4 32. Nxf7+ Kg7 33. Nxb4 Kxf7 34. Rc3
e4 35. f6 Bc1 36. Rc7+ Kg6 37. Bxe4+ Kh5+ 38. Rg7 Rf8 39. Rxh7+ Kg5 40. Rg7+
Kh4 41. Rh7+ Kg5 42. h4+ Kg4 43. Nd3 b1=Q 44. Ne5+ 1-0

[Event "BL 8687 Bamberg-Koblenz"]
[Site "?"]
[Date "1986.??.??"]
[Round "?.1"]
[White "Gutman, L."]
[Black "Seppeur, R."]
[Result "1-0"]
[WhiteElo "2460"]
[BlackElo "2295"]
[PlyCount "65"]
[EventDate "1986.??.??"]

1. Nf3 Nf6 2. g3 c5 3. Bg2 Nc6 4. d4 e6 5. O-O d5 6. c4 dxc4 7. Qa4 Bd7 8. dxc5
Bxc5 9. Qxc4 Qb6 10. Nc3 Na5 11. Qh4 O-O 12. Ne5 Nc6 13. Na4 Qb4 14. Nxc5 Qxc5
15. Nd3 Qd4 16. Bf4 Ne7 17. Qg5 Ng6 18. Be3 Qg4 19. Qxg4 Nxg4 20. Bc5 Rfd8 21.
Bxb7 Rab8 22. Bg2 a5 23. Ba7 Rb5 24. a4 Rb3 25. Bd4 e5 26. Bc3 Bf5 27. Nc5 Rbb8
28. Nb7 Rd7 29. Nxa5 e4 30. Nc6 Re8 31. Nd4 Rd5 32. Nxf5 Rxf5 33. a5 1-0

[Event "BL 8687 Bamberg-Koblenz"]
[Site "?"]
[Date "1986.??.??"]
[Round "?.4"]
[White "Ruehrig, V."]
[Black "Brueckner, T."]
[Result "1/2-1/2"]
[WhiteElo "2335"]
[BlackElo "2345"]
[PlyCount "99"]
[EventDate "1986.??.??"]

1. d4 Nf6 2. c4 e6 3. Nf3 b6 4. g3 Ba6 5. b3 Bb7 6. Bg2 Bb4+ 7. Bd2 c5 8. O-O
O-O 9. Bxb4 cxb4 10. a3 bxa3 11. Rxa3 Qe7 12. Qc1 a5 13. Nc3 d5 14. Ne5 Nc6 15.
Nxc6 Bxc6 16. Qb2 Rac8 17. Na4 Qb4 18. c5 Nd7 19. cxb6 Nxb6 20. Nxb6 Qxb6 21.
e3 a4 22. Rb1 axb3 23. Rxb3 Qd8 24. Bf1 Ba4 25. Rb7 Bc2 26. Rc1 Be4 27. Rc5 Qf6
28. Be2 h6 29. Qc1 Rb8 30. Rcc7 Rxb7 31. Rxb7 Qf5 32. Qd1 Qh3 33. f3 Bg6 34.
Rb5 Rc8 35. Bf1 Qh5 36. Be2 Qg5 37. Rb3 Bc2 38. Qc1 Qd8 39. Rb2 Bd3 40. Qd2
Bxe2 41. Qxe2 Qa5 42. Kg2 Qc3 43. Qd2 Qxd2+ 44. Rxd2 Rc3 45. Kf2 Kf8 46. Ra2
Ke7 47. Ke2 Rc1 48. e4 dxe4 49. fxe4 Rc7 50. Kd3 1/2-1/2

[Event "BL 8687 Bamberg-Koblenz"]
[Site "?"]
[Date "1986.??.??"]
[Round "?.7"]
[White "Bayer, E."]
[Black "Jahr, U."]
[Result "1-0"]
[WhiteElo "2310"]
[BlackElo "2240"]
[PlyCount "84"]
[EventDate "1986.??.??"]

1. d4 f5 2. e4 fxe4 3. Nc3 Nf6 4. Bg5 Nc6 5. d5 Ne5 6. Qd4 Nf7 7. Bh4 c6 8.
O-O-O Qb6 9. Bxf6 gxf6 10. Qxe4 Qxf2 11. Nh3 Bh6+ 12. Kb1 Qe3 13. Qh4 d6 14.
Bd3 Bxh3 15. Rhe1 Qg5 16. Qxh3 Ne5 17. Ne4 Qg7 18. Ng3 Bg5 19. Nf5 Qf7 20. Be2
h5 21. dxc6 bxc6 22. Rxd6 Kf8 23. Rdd1 Rb8 24. Qa3 Qe6 25. Nd4 Qd7 26. Nf3 Qc7
27. Nxg5 fxg5 28. Qc3 Rh6 29. Bxh5 Nd7 30. Qe3 Nf6 31. Bf3 Rb5 32. h3 Rh7 33.
c4 Ra5 34. Qe6 Ra6 35. c5 Rf7 36. Be2 Ra5 37. Bc4 Nd5 38. Rf1 Rf4 39. g3 Rf6
40. Bxd5 cxd5 41. Rxf6+ exf6 42. Qxf6+ Ke8 1-0

[Event "BL 8687 Bayern-Karlsruhe"]
[Site "?"]
[Date "1986.??.??"]
[Round "?.2"]
[White "Kindermann, S."]
[Black "Arnold, L."]
[Result "1-0"]
[WhiteElo "2485"]
[BlackElo "2305"]
[PlyCount "88"]
[EventDate "1986.??.??"]

1. e4 c5 2. Nf3 Nf6 3. e5 Nd5 4. Nc3 e6 5. Ne4 f5 6. Nc3 Nc6 7. Nxd5 exd5 8. d4
d6 9. exd6 Bxd6 10. dxc5 Bxc5 11. Bd3 O-O 12. O-O f4 13. h3 Qf6 14. Re1 Kh8 15.
c3 Bf5 16. Bxf5 Qxf5 17. b4 Bd6 18. b5 Ne5 19. Qxd5 Nxf3+ 20. Qxf3 Qxb5 21. c4
Qxc4 22. Bb2 Qf7 23. Rad1 Rad8 24. Rd5 Be7 25. Rxd8 Bxd8 26. Rd1 Kg8 27. Qg4 h5
28. Qf3 Re8 29. Rd5 h4 30. Bc3 a6 31. Qd3 Bf6 32. Rd7 Re7 33. Rd8+ Re8 34. Bxf6
gxf6 35. Rd4 Qh5 36. Qb3+ Qf7 37. Qf3 Qc7 38. Qg4+ Kf8 39. Rd7 Qc1+ 40. Kh2 Re7
41. Rd8+ Re8 42. Rd6 Qc3 43. Qxh4 Ke7 44. Rd1 f3 1-0

[Event "BL 8687 Bayern-Karlsruhe"]
[Site "?"]
[Date "1986.??.??"]
[Round "?.3"]
[White "Werner, C."]
[Black "Bischoff, K."]
[Result "1-0"]
[WhiteElo "2225"]
[BlackElo "2495"]
[PlyCount "37"]
[EventDate "1986.??.??"]

1. e4 e6 2. d4 d5 3. Nc3 Bb4 4. Bd3 Nc6 5. Nf3 Nf6 6. exd5 Nxd5 7. Bd2 Nde7 8.
O-O b6 9. Qe2 Bb7 10. Rad1 h6 11. Rfe1 Qd7 12. d5 exd5 13. Nxd5 Bd6 14. Nxe7
Nxe7 15. Bb5 Bc6 16. Bxc6 Qxc6 17. Bf4 Qd7 18. Bxd6 cxd6 19. Ne5 1-0

[Event "BL 8687 München 36-Sindelfingen"]
[Site "?"]
[Date "1986.??.??"]
[Round "?.1"]
[White "Fahnenschmidt, G."]
[Black "Unzicker, W."]
[Result "1/2-1/2"]
[WhiteElo "2340"]
[BlackElo "2470"]
[PlyCount "57"]
[EventDate "1986.??.??"]

1. d4 Nf6 2. c4 e6 3. Nf3 b6 4. a3 Bb7 5. Nc3 d5 6. cxd5 Nxd5 7. Qc2 Be7 8. e4
Nxc3 9. bxc3 O-O 10. Bd3 c5 11. O-O Qc7 12. Qe2 Nd7 13. Be3 Rac8 14. Nd2 Rfd8
15. a4 Nf6 16. f3 cxd4 17. cxd4 Bb4 18. Nb3 h6 19. Rfc1 Qe7 20. Rxc8 Rxc8 21.
Rc1 Rxc1+ 22. Nxc1 Bc3 23. Qc2 Qa3 24. Qa2 Qb4 25. Qb3 Qa5 26. Qb5 Bxd4 27.
Bxd4 Qe1+ 28. Bf1 Qxc1 29. a5 1/2-1/2

[Event "BL 8687 München 36-Sindelfingen"]
[Site "?"]
[Date "1986.??.??"]
[Round "?.2"]
[White "Smejkal, J."]
[Black "Eppinger, G."]
[Result "1-0"]
[WhiteElo "2540"]
[BlackElo "2335"]
[PlyCount "99"]
[EventDate "1986.??.??"]

1. c4 c5 2. Nf3 Nf6 3. Nc3 g6 4. d4 cxd4 5. Nxd4 b6 6. e4 d6 7. g3 Bb7 8. Bg2
Bg7 9. O-O Qc8 10. b3 O-O 11. Bb2 Re8 12. Rc1 Nbd7 13. Qe2 a6 14. Rfd1 Ra7 15.
Nd5 Ba8 16. b4 Qb8 17. Nb3 a5 18. bxa5 Nxd5 19. cxd5 Bxb2 20. Qxb2 bxa5 21. Qd2
a4 22. Nd4 Rc7 23. Rb1 Rb7 24. Qc2 Nc5 25. Nc6 Qc8 26. e5 Qf5 27. Qxf5 gxf5 28.
exd6 exd6 29. Nd4 f4 30. Nf5 Re5 31. Nxd6 Rxb1 32. Rxb1 Bxd5 33. gxf4 Rh5 34.
Rb5 Bxg2 35. Kxg2 Nd3 36. Nf5 h6 37. Kg3 Kh7 38. h4 Nb4 39. Kg4 Rxf5 40. Rxf5
Nxa2 41. Rxf7+ Kg6 42. Ra7 Nc3 43. h5+ Kf6 44. Ra6+ Kg7 45. Kf5 Nb5 46. Rxa4
Nd6+ 47. Kg4 Ne8 48. Ra7+ Kf6 49. Ra6+ Kg7 50. Kf5 1-0

[Event "BL 8687 München 36-Sindelfingen"]
[Site "?"]
[Date "1986.??.??"]
[Round "?.3"]
[White "Kabisch, T."]
[Black "Nikolac, J."]
[Result "0-1"]
[WhiteElo "2270"]
[BlackElo "2435"]
[PlyCount "100"]
[EventDate "1986.??.??"]

1. e4 e5 2. Nf3 Nc6 3. Bb5 Nf6 4. O-O Bc5 5. d3 d6 6. c3 O-O 7. Nbd2 Bb6 8. Nc4
Ne7 9. Ba4 Ng6 10. Bc2 Be6 11. Nxb6 axb6 12. a3 d5 13. Re1 dxe4 14. dxe4 Qxd1
15. Bxd1 h6 16. h3 Nd7 17. Be3 Rfd8 18. Bc2 f6 19. Rad1 Kf7 20. Kh2 Nc5 21. g3
Bb3 22. Bxb3+ Nxb3 23. Kg2 Ne7 24. Kf1 Nc6 25. Ke2 Ke6 26. Rxd8 Nxd8 27. Rd1
Nf7 28. Nd2 Nxd2 29. Bxd2 Nd6 30. f3 h5 31. Ra1 Nc4 32. Bc1 b5 33. b3 Na5 34.
Rb1 b6 35. Kd3 g6 36. Kc2 Nb7 37. Bb2 Nd6 38. Kd3 Rd8 39. Ke2 Nb7 40. Bc1 Ra8
41. Kd3 f5 42. exf5+ gxf5 43. h4 Nc5+ 44. Kc2 Kd5 45. Bb2 e4 46. b4 Nd3 47.
fxe4+ fxe4 48. Rf1 Rg8 49. Rf7 Rxg3 50. c4+ bxc4 0-1

[Event "BL 8687 München 36-Sindelfingen"]
[Site "?"]
[Date "1986.??.??"]
[Round "?.4"]
[White "Bastian, H."]
[Black "Bialas, W."]
[Result "0-1"]
[WhiteElo "2375"]
[BlackElo "2345"]
[PlyCount "92"]
[EventDate "1986.??.??"]

1. e4 g6 2. d4 Bg7 3. c3 d6 4. Nf3 b6 5. Bd3 Bb7 6. O-O Nd7 7. a4 Ngf6 8. Re1
e5 9. a5 O-O 10. a6 Bc8 11. Na3 c6 12. Bf1 Qc7 13. dxe5 dxe5 14. Nc4 Ne8 15.
Be3 Nb8 16. Ncd2 Nd6 17. Qb3 h6 18. h3 Be6 19. Qc2 c5 20. Nh2 f5 21. exf5 gxf5
22. f4 e4 23. Be2 Nd7 24. Nhf1 Nf6 25. g3 h5 26. Bf2 Bh6 27. Ne3 h4 28. Kh2 Kh7
29. Rg1 Rg8 30. Raf1 Rae8 31. c4 Rg6 32. Qc3 Bg7 33. Qc1 Nf7 34. Ng2 e3 35.
Nxe3 Bd7 36. Nf3 hxg3+ 37. Bxg3 Ne4 38. Bd3 Qd6 39. Bxe4 Rxe4 40. Ng5+ Nxg5 41.
fxg5 f4 42. Rxf4 Rxf4 43. Nd5 Rf2+ 44. Kh1 Qe6 45. Nf4 Bc6+ 46. Nd5 Qxh3+ 0-1

[Event "BL 8687 München 36-Sindelfingen"]
[Site "?"]
[Date "1986.??.??"]
[Round "?.5"]
[White "Gruenenwald, J."]
[Black "Zysk, R."]
[Result "1-0"]
[WhiteElo "2290"]
[BlackElo "2405"]
[PlyCount "75"]
[EventDate "1986.??.??"]

1. e4 e5 2. Nf3 Nc6 3. Bb5 a6 4. Ba4 d6 5. O-O Bd7 6. c3 g6 7. d4 Bg7 8. Be3
Nge7 9. d5 Nb8 10. c4 O-O 11. Bxd7 Nxd7 12. Nc3 h6 13. Nd2 Qc8 14. f3 f5 15. b4
Nf6 16. Kh1 c6 17. Qb3 Kh7 18. c5 cxd5 19. exd5 dxc5 20. Bxc5 Qd8 21. Nc4 Nd7
22. Rad1 Rc8 23. d6 Nc6 24. Nd5 Nd4 25. Bxd4 exd4 26. Nc7 Qf6 27. b5 axb5 28.
Qxb5 Ne5 29. Nd5 Qe6 30. Nxe5 Qxe5 31. d7 Rc6 32. Rfe1 Qb8 33. Re7 Qd8 34. Qxb7
Rd6 35. Rde1 d3 36. Qb2 Rg8 37. Nf6+ Kh8 38. Rxg7 1-0

[Event "BL 8687 München 36-Sindelfingen"]
[Site "?"]
[Date "1986.??.??"]
[Round "?.6"]
[White "Kaiser, W."]
[Black "Marian, R."]
[Result "1-0"]
[WhiteElo "2335"]
[BlackElo "2285"]
[PlyCount "101"]
[EventDate "1986.??.??"]

1. d4 Nf6 2. c4 e6 3. Nc3 d5 4. Bg5 Be7 5. e3 O-O 6. Nf3 h6 7. Bh4 Ne4 8. Bxe7
Qxe7 9. cxd5 Nxc3 10. bxc3 exd5 11. Qb3 c6 12. Bd3 Nd7 13. O-O Nf6 14. c4 Be6
15. Ne5 c5 16. Rac1 cxd4 17. exd4 dxc4 18. Bxc4 Bxc4 19. Rxc4 Rfd8 20. Rfc1 Ne8
21. g3 Rd6 22. Rc8 Rxc8 23. Rxc8 Re6 24. Rb8 b6 25. Qd5 Kh7 26. Qe4+ g6 27. Rb7
Nd6 28. Rxe7 Nxe4 29. Rxf7+ Kg8 30. Rxa7 Nc3 31. Kf1 Rd6 32. h4 Rxd4 33. Nxg6
Rd1+ 34. Kg2 Rd2 35. Ne7+ Kh8 36. Nf5 h5 37. Kf3 Nd1 38. Kf4 Nxf2 39. Kg5 Ne4+
40. Kg6 Rd8 41. Rh7+ Kg8 42. Rg7+ Kh8 43. Rh7+ Kg8 44. Rg7+ Kh8 45. Re7 Rg8+
46. Kh6 Nf6 47. Rf7 Ng4+ 48. Kxh5 b5 49. Ne7 Ne5 50. Rf5 Rxg3 51. Rxe5 1-0

[Event "BL 8687 Karlsruhe-München 36"]
[Site "?"]
[Date "1986.??.??"]
[Round "?.2"]
[White "Arnold, L."]
[Black "Smejkal, J."]
[Result "0-1"]
[WhiteElo "2305"]
[BlackElo "2540"]
[PlyCount "132"]
[EventDate "1986.??.??"]

1. e4 e5 2. Nf3 Nc6 3. Bb5 a6 4. Bxc6 dxc6 5. O-O Qd6 6. d3 Ne7 7. Nbd2 Ng6 8.
Nc4 Qf6 9. d4 exd4 10. Qxd4 Qxd4 11. Nxd4 c5 12. Ne2 Bd7 13. Nc3 O-O-O 14. a4
f5 15. Rd1 fxe4 16. Nxe4 Re8 17. Nc3 Be6 18. Ne3 Be7 19. Ncd5 Bd6 20. Bd2 Rhf8
21. Bc3 Rf7 22. Rd2 Nf4 23. Nxf4 Bxf4 24. Re2 Bd7 25. Ree1 Bc6 26. a5 Bxe3 27.
Rxe3 Rxe3 28. fxe3 Be4 29. Rc1 g6 30. b4 cxb4 31. Bxb4 Rf5 32. c4 c5 33. Ba3
Kc7 34. Rd1 h5 35. h4 Bc2 36. Rc1 Bd3 37. Rc3 Rf1+ 38. Kh2 Be4 39. Bxc5 Rf2 40.
Bd4 Rxg2+ 41. Kh3 Rg4 42. Be5+ Kc6 43. Bg3 Kc5 44. Rc1 Bf5 45. Kg2 g5 46. Kf2
gxh4 47. Bf4 Be4 48. Rg1 Kxc4 49. Bc7 Kb5 50. Bb6 Bc6 51. Rb1+ Kc4 52. Rc1+ Kd3
53. Rd1+ Kc2 54. Rg1 Kd2 55. Bd4 Kd3 56. Bf6 h3 57. Rxg4 hxg4 58. Be5 Ke4 59.
Bc7 b5 60. axb6 a5 61. Kg3 a4 62. Bd6 Bb7 63. Bc5 Kd5 64. Bb4 Kc6 65. e4 Kxb6
66. Bd6 Bc8 0-1

[Event "BL 8687 Karlsruhe-München 36"]
[Site "?"]
[Date "1986.??.??"]
[Round "?.3"]
[White "Nikolac, J."]
[Black "Werner, C."]
[Result "1-0"]
[WhiteElo "2435"]
[BlackElo "2225"]
[PlyCount "103"]
[EventDate "1986.??.??"]

1. d4 Nf6 2. Nf3 g6 3. Bg5 Bg7 4. e3 d6 5. Be2 h6 6. Bh4 b6 7. O-O g5 8. Bg3
Ne4 9. Nc3 Nxg3 10. hxg3 Bb7 11. Nh2 c5 12. Bf3 Nc6 13. d5 Ne5 14. Be2 Nd7 15.
e4 a6 16. a4 Qc7 17. Ng4 Bd4 18. Qd2 O-O-O 19. a5 b5 20. Nxb5 axb5 21. a6 Ba8
22. c3 Be5 23. Bxb5 Nb6 24. Nxe5 dxe5 25. c4 e6 26. b4 f5 27. Qe3 cxb4 28. c5
Nxd5 29. exd5 Rxd5 30. Bc4 f4 31. gxf4 gxf4 32. Qh3 Qd7 33. Bxd5 Bxd5 34. a7
Kc7 35. c6 Bxc6 36. Rfc1 Kb7 37. Qxh6 Ra8 38. Qg5 Rxa7 39. Rxa7+ Kxa7 40. Qxe5
f3 41. Qa5+ Kb7 42. Qxb4+ Kc7 43. Qa5+ Kd6 44. Rd1+ Bd5 45. Qa3+ Ke5 46. Qc3+
Kd6 47. Qxf3 Qa4 48. Qg3+ Kd7 49. Rc1 Bc6 50. Qg7+ Kd6 51. Qf8+ Kd7 52. Qc5 1-0